| 000 | 00795nam a2200205 a 4500 | ||
|---|---|---|---|
| 003 | 0 | ||
| 005 | 20250423110841.0 | ||
| 008 | 970114s19uu xx 00 eng d | ||
| 050 |
_aPGS RA 638 _b.H542 2003 |
||
| 100 | _aHeredia, Ronald Y. | ||
| 245 |
_aA survey of the immunization received by selected grade six students of Southville International School (SY 2002-2003) / _cRonald Y. Heredia. |
||
| 260 |
_aLas PiƱas City, Philippines : _bSouthville International School and Colleges, _c2003. |
||
| 300 |
_a25 pages : _billustrations ; _c28 cm. |
||
| 504 | _aIncludes bibliographical references. | ||
| 650 | _aImmunization of children. | ||
| 650 |
_aVaccination _vStatistics. |
||
| 650 |
_aSchool children _vHealth and hygiene. |
||
| 650 | _aPublic health surveys. | ||
| 942 |
_2lcc _cPASS |
||
| 999 |
_c96872 _d96872 |
||